| 000 | 01348cam a22002891i 4500 | ||
|---|---|---|---|
| 003 | SA-RiAUC | ||
| 005 | 20250914145154.0 | ||
| 008 | 250909s1997 le g 000 0cara c | ||
| 040 |
_aSA-JeALM _bara _cSA-RiAUC _erda |
||
| 043 | _ae-sp--- | ||
| 050 | 4 | _b.I264 1997 | |
| 082 | 0 | 4 | _a920.0468 ا ب ن ف |
| 090 |
_a920.0468 _b ا ب ن ف |
||
| 100 | 1 |
_aابن الفرضي، عبد الله بن محمد بن يوسف، _d351-403 هجري _eمؤلف. |
|
| 245 | 1 | 0 |
_aتاريخ علماء الأندلس : _bتاريخ العلماء والرواة للعلم بالأندلس / _cتأليف أبي الوليد عبد الله بن محمد بن يوسف بن نصير الأزدي المعروف بابن الفرضي ؛ تحقيق روحية عبد الرحمن السويفي. |
| 250 | _aالطبعة الأولى. | ||
| 264 | 1 |
_aبيروت : _bدار الكتب العلمية، _c1997 |
|
| 300 |
_a494 صفحة ؛ _c24 سم. |
||
| 336 |
_aنص _btxt _2rdacontent _3كتاب |
||
| 337 |
_aبدون وسيط _bn _2rdamedia |
||
| 338 |
_aمجلد _bnc _2rdacarrier |
||
| 650 | 7 |
_aالعلماء الأندلسيون _xتاريخ _2aucsh |
|
| 651 | 7 |
_aالأندلس _vتراجم _2aucsh |
|
| 700 | 1 |
_aالسويفي، روحية عبد الرحمن _eمحقق. |
|
| 942 |
_2ddc _cBOOK _n0 |
||
| 949 |
_aSA-JeALM _d250909 _uosman123 _n1 |
||
| 999 |
_c11707 _d11707 |
||